000
00316nam a2200145Ia 4500
100
_a
Glisson/T.H
942
_c
BK
654
_a
System Analysis
245
_a
Introduction To System Analysis
260
_b
McGraw Hill
_a
New York
_c
1985
082
_a
621.3
_b
Gei
300
_a
700
546
_a
ENGLISH
999
_c
35003
_d
35003